| 000 | 00860nam a2200277 a 4500 | ||
|---|---|---|---|
| 001 | 70644 | ||
| 003 | BD-RjUL | ||
| 005 | 20211209082026.0 | ||
| 008 | 170418s1976 caua 001 0 eng | ||
| 020 | _a0805396098 | ||
| 035 | _a(BD-RjUL)70858 | ||
| 040 |
_aDLC _cDLC _dBD-RjUL _beng |
||
| 041 | _aeng | ||
| 082 | 0 | 0 |
_a572.8 _223 _bWAM 1976 |
| 100 | 1 |
_aWatson, James D., _d1928- _9209097 |
|
| 245 | 1 | 0 |
_aMolecular biology of the gene / _cJames D. Watson ; with illustration by Keith Roberts. |
| 250 | _a3rd ed. | ||
| 260 |
_aMenlo Park, Calif. : _bW. A. Benjamin, _cc1976. |
||
| 300 |
_axxiv, 739 p. : _bill. ; _c26 cm. |
||
| 504 | _aIncludes bibliographical references and index. | ||
| 650 | 0 |
_aMolecular biology. _9209098 |
|
| 650 | 0 |
_aMolecular genetics. _9208219 |
|
| 700 |
_aRoberts, Keith _9209099 |
||
| 942 |
_2ddc _cBK |
||
| 999 |
_c70644 _d70644 |
||